000 00744nam a2200253Ia 4500
003 OSt
005 20220918214639.0
006 a|||||r|||| 00| 0
007 ta
008 220917b |||||||| |||| 00| 0 eng d
024 _a138,500
037 _cTextual
040 _aARTS
_cARTS
_beng
041 _2eng
_aeng
082 _aZ1n3,N30, L5 (RR)
100 _aWaldock Humphry Ed.
_9132130
245 0 _aBritish yearbook of international law 1972-73
260 _aOxford
_bClarendon Press
_c1975
300 _axxx,567p.
_ccm.
650 _aINTERNATIONAL LAW
_921942
700 _a Jennings R Y Ed.
_9132131
942 _hZ1n3,N30, L5 (RR)
_cTEXL
_2CC
999 _c261551
_d261551